000 00396nam a22001577a 4500
003 OSt
005 20160617151223.0
008 160617b xxu||||| |||| 00| 0 eng d
020 _a0-07-234936-0
040 _cn/a
050 _aT385
_b.L3822 2001
100 _aLaudon Kenneth C.
245 _aInteractive computing microsoft word 2000
260 _bIrwin McGraw-Hill
_c2000
942 _2lcc
_cBK
999 _c254557
_d254556